000 00776cam a22001457a 4500
008 180718b1975 xxu||||| |||| 00| 0 eng d
082 _aG2x42 Un3
100 _aUnited Kingdom. Committee appointed by Mr. Speaker to report to him on the Review of the Administrative Services of the House of Commons, conducted by Sir Edmund Compton
245 _aReport of the Committee appointed by Speaker to report to him on the Review of the Administrative Services of the House of Commons, conducted by Sir Edmund Compton, United Kingdom
_cby House of Commons, United Kingdom
260 _aLondon
_bHer Majesty's Stationery Office
_c1975
300 _a135+p.
500 _aChairman: Arthur Bottomley
700 _aBottomley, Arthur (Chairman)
700 _aUnited Kingdom. House of Commons
999 _c490784
_d490784